000 00600nam a2200229Ia 4500
003 0100
008 130303s9999 xx 000 0 und d
020 _a9024736234
040 _cARRUPELIB
050 _aB3279.H49G27
100 _aGall, Robert S
245 _aBeyond theism and atheism
245 _bHeidegger's significance for religious thinking
260 _aDordrecht
260 _bMartinus Nijhoff Publishers
260 _C1987
300 _a174p.
300 _b 25cm
440 _aStudies in Philosophy and Religion v. 11
650 _bKenya--Coast Province
942 _2lcc
_01
999 _c60080
_d60080